Catalog

Record Details

Catalog Search



Available copies

  • 2 of 2 copies available at LARL/NWRL Consortium.
  • 2 of 2 copies available at Lake Agassiz Regional Library. (Show preferred library)

Current holds

0 current holds with 2 total copies.

Show Only Available Copies
Location Call Number / Copy Notes Barcode Shelving Location Status Due Date
Crookston Public Library Y DAU (Text) 33500012768214 Main Available -
Moorhead Public Library Y DAU (Text) 33500012768206 Main Available -

Record details

  • ISBN: 9781250126429
  • ISBN: 1250126428
  • Physical Description: 311 pages : map ; 21 cm
  • Edition: First edition.
  • Publisher: New York : Flatiron Books, 2018.

Content descriptions

Summary, etc.:
"In a world dominated by the brutal Vathek empire, ... Read More
Subject: Kidnapping victims > Juvenile fiction.
Impostors and imposture > Juvenile fiction.
Princesses > Juvenile fiction.
Impostors and imposture > Fiction.
Impostors and imposture > Juvenile fiction.
Kidnapping > Fiction.
Fantasy.
Genre: Young adult fiction.
Fantasy fiction.
Fantasy fiction.
LDR 01886cam a22004458i 4500
001292347
003LARL_NWRL_CONSORTIUM
00520180828164629.0
008180403s2018 nyub d 000 1 eng
010 . ‡a 2018013549
040 . ‡aDLC ‡beng ‡erda ‡cDLC ‡dBDX ‡dHBP ‡dALD ‡dCHY ‡dNGP ‡dUAP ‡dORX ‡dZHB
020 . ‡a9781250126429 ‡q(hardcover)
020 . ‡a1250126428 ‡q(hardcover)
020 . ‡z9781250126443 ‡q(ebook)
035 . ‡a(OCoLC)1031043470
042 . ‡apcc
08200. ‡a813/.6 ‡223
1001 . ‡aDaud, Somaiya, ‡eauthor.
24510. ‡aMirage. ‡n#1 / ‡cSomaiya Daud.
250 . ‡aFirst edition.
264 1. ‡aNew York : ‡bFlatiron Books, ‡c2018.
300 . ‡a311 pages : ‡bmap ; ‡c21 cm
336 . ‡atext ‡btxt ‡2rdacontent
337 . ‡aunmediated ‡bn ‡2rdamedia
338 . ‡avolume ‡bnc ‡2rdacarrier
4900 . ‡aMirage ; ‡v1
520 . ‡a"In a world dominated by the brutal Vathek empire, eighteen-year-old Amani is a dreamer. She dreams of what life was like before the occupation; she dreams of writing poetry; she dreams of having adventures, and travelling beyond her isolated home. But when adventure comes for Amani, it is not what she expects: she is kidnapped and brought to the royal palace, where she discovers that she is to become a body double for the hated princess Maram"-- ‡cadapted from Amazon description.
650 0. ‡aKidnapping victims ‡vJuvenile fiction.
650 0. ‡aImpostors and imposture ‡vJuvenile fiction.
650 0. ‡aPrincesses ‡vJuvenile fiction. ‡0(LARL_NWRL_CONSORTIUM)166862
650 1. ‡aImpostors and imposture ‡vFiction. ‡0(LARL_NWRL_CONSORTIUM)165193
650 1. ‡aImpostors and imposture ‡vJuvenile fiction.
650 1. ‡aKidnapping ‡vFiction. ‡0(LARL_NWRL_CONSORTIUM)165838
650 1. ‡aFantasy. ‡0(LARL_NWRL_CONSORTIUM)178184
655 0. ‡aYoung adult fiction.
655 7. ‡aFantasy fiction. ‡2lcgft
655 7. ‡aFantasy fiction. ‡2gsafd
901 . ‡a292347 ‡bOCoLC ‡c292347 ‡tbiblio ‡soclc

Additional Resources